00329nam a2200109Ia 4500008004000000082001700040100004900057245005800106260002200164300001400186650001900200210210b1976 xxu||||| |||| 00| 0 eng d a338.003 COUW aCOUNCIL OF SCIENTIFIC & INDUSTRIAL RESEARCH. aWealth of India:Dictionary of Raw materials. V4- F-G. aNDbC S I Rc1976 aiv,132,xv aFish Fisheries